000 00667nam a2200193Ii 4500
003 JO-AjNU
008 230605s9999||||xx |||||||||||||| ||und||
040 _aJO-AjNU
_bara
_erda
_cJO-AjNU
041 _aara
050 1 4 _aBF636.V3412
100 3 _aفالون، هنري؛ ترجمة راجح، احمد عزت ؛ مراجعة قنديل،امين مرسي ,
_eauthor
_935190
245 0 0 _aعلم النفس التطبيقي
264 3 1 _aد.م:مكتبة مصر،د.ت
300 _a215ص
336 _atext
_btxt
_2rdacontent
337 _aunmediated
_bn
_2rdamedia
338 _avolume
_bnc
_2rdacarrier
650 4 _aعلم النفس التطبيقي
_935191
999 _aA14503
_c18071
_d18071